000 00357nam a22001577a 4500
003 OSt
005 20211004150851.0
008 211004b |||||||| |||| 00| 0 eng d
040 _cHU
082 _a155.2/HAL
100 _aJOHN WILER
_99722
245 _aTHEORIES OF PERSONAHITY
260 _aNEW YORK
_bHALL
_c1957
300 _a572P
942 _2ddc
_cBOOKS
_n0
999 _c9069
_d9069